Inspección de contabilidad (Registro nro. 82768)

Detalles MARC
000 -LEADER
campo de control de longitud fija 00433nam a2200145 i 4500
001 - NÚMERO DE CONTROL
campo de control 82768
003 - IDENTIFICADOR DE NÚMERO DE CONTROL
campo de control ES-MaACL
007 - CAMPO FIJO DE DESCRIPCIÓN FÍSICA--INFORMACIÓN GENERAL
campo de control de longitud fija t|
008 - DATOS DE LONGITUD FIJA--INFORMACIÓN GENERAL
campo de control de longitud fija 041111q19001999sp ||||1| spa d
245 00 - MENCIÓN DEL TÍTULO
Título Inspección de contabilidad
Resto del título : texto especialmente preparado para Cátedra a distancia.
250 ## - MENCION DE EDICION
Mención de edición 1ª ed.
260 ## - PUBLICACIÓN, DISTRIBUCIÓN, ETC.
Lugar de publicación, distribución, etc. Madrid :
Nombre del editor, distribuidor, etc. Escuelas Internacionales,
Fecha de publicación, distribución, etc. [19-?] (
Fabricante Aldus)
300 ## - DESCRIPCIÓN FÍSICA
Extensión 2 fasc. ;
Dimensiones 23 cm.
852 ## - LOCALIZACIÓN
Ubicación ES-MaACL
Número de control de estantería E-4792-3
Existencias
Estatus retirado Estado de pérdida Estado de daño No para préstamo Colección Biblioteca de origen Biblioteca actual Ubicación en estantería Fecha de adquisición Fuente de adquisición Total de préstamos Signatura topográfica completa Código de barras Visto por última vez Precio de reemplazo Tipo de ítem Koha
        Libros del s. XIX Biblioteca del Ateneo de Madrid Biblioteca del Ateneo de Madrid Depósito 2 17/01/2008     E-4792-3 1086500 23/02/2023 23/02/2023 Libro impreso antiguo